| 000 | 01248nam a2200313Ia 4500 | ||
|---|---|---|---|
| 001 | ebr10361288 | ||
| 003 | CaPaEBR | ||
| 006 | m u | ||
| 007 | cr cn||||||||| | ||
| 008 | 090721s2010 enk sb 001 0 eng d | ||
| 010 | _z 2009029833 | ||
| 020 | _z9781405161046 (pbk. : alk. paper) | ||
| 040 |
_aCaPaEBR _cCaPaEBR |
||
| 035 | _a(OCoLC)606852973 | ||
| 050 | 1 | 4 |
_aRC388.5 _b.A288 2010eb |
| 245 | 0 | 0 |
_aAcute stroke nursing _h[electronic resource] / _cedited by Jane Williams, Lin Perry, Caroline Watkins. |
| 260 |
_aChichester, West Sussex ; _aAmes, IA : _bWiley-Blackwell, _c2010. |
||
| 300 | _axv, 352 p. | ||
| 504 | _aIncludes bibliographical references and index. | ||
| 533 |
_aElectronic reproduction. _bPalo Alto, Calif. : _cebrary, _d2010. _nAvailable via World Wide Web. _nAccess may be limited to ebrary affiliated libraries. |
||
| 650 | 0 |
_aCerebrovascular disease _xNursing. |
|
| 650 | 0 | _aEvidence-based nursing. | |
| 655 | 7 |
_aElectronic books. _2local |
|
| 700 | 1 |
_aWilliams, Jane _q(Jane E.) |
|
| 700 | 1 | _aPerry, Lin. | |
| 700 | 1 | _aWatkins, Caroline. | |
| 710 | 2 | _aebrary, Inc. | |
| 856 | 4 | 0 |
_uhttp://site.ebrary.com/lib/rucke/Doc?id=10361288 _zAn electronic book accessible through the World Wide Web; click to view |
| 999 |
_c105845 _d105845 |
||